| 000 | 01021nam a2200313 a 4500 | ||
|---|---|---|---|
| 001 | vtls000529752 | ||
| 003 | NLI | ||
| 005 | 20210603141958.0 | ||
| 008 | 110308s1931 enk 000 eng | ||
| 039 | 9 |
_y201103081741 _zDatasoft |
|
| 040 | 0 |
_aNLI _beng _cRetro_DSC 1 _eAACR2 |
|
| 041 | 0 | _aeng | |
| 044 | _aenk | ||
| 082 | 0 | 4 | _a820.9 |
| 100 | 1 |
_aStephen, Leslie, _cSir., _d1832-1904 _9176092 |
|
| 245 | 1 | 0 |
_aEnglish literature and society in the eighteenth century / _cby Leslie Stephen |
| 260 |
_aLondon : _bDuckworth, _c1931 |
||
| 300 |
_avi, 224 p. ; _c18 cm. |
||
| 440 | 4 |
_aThe new readers library ; _v.[28] _9611880 |
|
| 650 | 0 |
_aEnglish literature _y18th century _xHistory and criticism _9103168 |
|
| 651 | 0 |
_aEngland _xSocial life and customs _y18th century _9177988 |
|
| 710 | 2 | _aAsutosh Collection (National Library, India) | |
| 887 | _a | ||
| 901 |
_a9708 _b14.04.1955 |
||
| 902 | _aA.C 820.9 S 6 | ||
| 942 |
_2ddc _cBKS |
||
| 949 |
_AVIRTUAITEM _D10000 _X100 _6GAC000009708ENG |
||
| 999 |
_aVIRTUA40 _c448917 _d448917 |
||